000 00426nam a2200181Ia 4500
001 23839
005 20260414151004.0
008 260414t2019||||xx |||||||||||||| ||spa||
041 _aESP
082 _a720.1
_bC24P
100 _aCampo Baeza, Alberto,
_eAUT
245 0 _aPrincipia architectonica
_b
260 _c2019
300 _a129 páginas :
_c20 cm.
650 _aABD
654 _aCAU
942 _cLIB
_dJUS
_fJUS
_2ddc
_n
999 _c23839
_d23839